Statistics for Countries of Africa - No Hints

Click here to take the quiz!

General Stats

  • This quiz has been taken 791 times
  • The average score is 50 of 54

Answer Stats

Country% Correct
Algeria
97%
Egypt
97%
Democratic Republic of the Congo
96%
Morocco
96%
South Sudan
96%
Sudan
96%
Kenya
95%
Libya
95%
Mali
95%
Niger
95%
Nigeria
95%
Republic of the Congo
95%
Tunisia
95%
Benin
94%
Chad
94%
Ghana
94%
Lesotho
94%
Mauritania
94%
South Africa
94%
Zimbabwe
94%
Angola
93%
Djibouti
93%
Eritrea
93%
Ethiopia
93%
Gambia
93%
Guinea
93%
Madagascar
93%
Mozambique
93%
Rwanda
93%
Senegal
93%
Somalia
93%
Tanzania
93%
Togo
93%
Uganda
93%
Zambia
93%
Botswana
92%
Cameroon
92%
Gabon
92%
Liberia
92%
Namibia
92%
Burundi
91%
Cape Verde
91%
Central African Republic
91%
Equatorial Guinea
91%
Guinea-Bissau
91%
Ivory Coast
91%
Comoros
90%
Malawi
90%
Mauritius
90%
Seychelles
90%
Sierra Leone
90%
Burkina Faso
89%
São Tomé and Príncipe
87%
Swaziland
71%

Score Distribution

Percentile by Number Answered

Percent of People with Each Score

Your Score History

You have not taken this quiz